| 000 | 00733nam a2200241 a 4500 | ||
|---|---|---|---|
| 001 | 62302 | ||
| 003 | BD-RjUL | ||
| 005 | 20211209081052.0 | ||
| 008 | 170123s1937 enk 001 0 eng | ||
| 035 | _a(BD-RjUL)62428 | ||
| 040 |
_aDLC _cOTU _dWU _dBD-RjUL _beng |
||
| 041 | _aeng | ||
| 082 |
_a808.1 _223 _bHAP 1937 |
||
| 100 | 1 |
_aHamilton, G. Rostrevor _q(George Rostrevor), _d1888-1967. _9185309 |
|
| 245 | 1 | 0 |
_aPoetry & contemplation : _ba new preface to poetics / _cby G. Rostrevor Hamilton. |
| 260 |
_aCambridge [Eng.] : _bThe University press, _c1937. |
||
| 300 |
_axi, 160 p. ; _c21 cm. |
||
| 500 | _aInclude index | ||
| 650 | 0 |
_aPoetry. _9184187 |
|
| 650 | 0 |
_aAesthetics. _9176839 |
|
| 942 |
_2ddc _cBK |
||
| 999 |
_c62302 _d62302 |
||